Aspectos negativos de la intervención económica: fracasos de una experiencia
Guardat en:
| Autor principal: | |
|---|---|
| Format: | Llibre |
| Idioma: | espanyol |
| Publicat: |
Santiago
Zig-Zag
1955
|
| Col·lecció: | Obras de Actualidad
|
| Matèries: | |
| Etiquetes: |
Afegir etiqueta
Sense etiquetes, Sigues el primer a etiquetar aquest registre!
|
MARC
| LEADER | 00000nam a2200000 a 4500 | ||
|---|---|---|---|
| 001 | UCP7688 | ||
| 003 | CL-VaPUC | ||
| 008 | 991217e19550000CL |||||||||||||||||spa|d | ||
| 082 | 0 | 4 | |a 330.983 |b COR |2 21 |
| 100 | 0 | |a Correa Prieto, Luis |e author |9 437276 | |
| 245 | 1 | 0 | |a Aspectos negativos de la intervención económica: fracasos de una experiencia |
| 300 | |a 326 p | ||
| 942 | |c BK | ||
| 945 | |d 19991217 00:00:00 |a crobeson | ||
| 260 | |a Santiago |b Zig-Zag |c 1955 | ||
| 650 | 7 | |a ECONOMIA CHILENA |2 CL-VaPUC |9 410148 | |
| 650 | 7 | |a INTERVENCION ECONOMICA ESTATAL |2 CL-VaPUC |9 388177 | |
| 650 | 7 | |a INTERVENCION ESTATAL |2 CL-VaPUC |9 437277 | |
| 650 | 7 | |a CRISIS ECONOMICA |2 CL-VaPUC |9 437278 | |
| 651 | 7 | |a CHILE |2 CL-VaPUC |9 437279 | |
| 583 | |a last modification |c 19991217 00:00:00 |k Rodrigo Vera | ||
| 490 | 0 | |a Obras de Actualidad | |
| 999 | |c 284805 |d 284803 | ||
| 952 | |0 0 |1 0 |4 0 |6 330_983000000000000_COR_1955 |7 0 |8 A |9 329043 |a BIBHIS |b BIBHIS |d 2019-11-20 |i 1373765 |o 330.983 COR 1955 |p 1373765 |r 2025-01-20 |w 2019-11-20 |y BK |k HIS | ||
| 952 | |0 0 |1 0 |4 0 |6 330_983000000000000_COR_1955 |7 0 |8 X |9 329044 |a FDOBUD |b FDOBUD |d 2019-11-20 |i 455731K |o 330.983 COR 1955 |p 455731K |r 2019-11-20 |w 2019-11-20 |y BK_X |k BUD | ||